Statistics for Bay of Bengal Countries With an Empty Map

Click here to take the quiz!

General Stats

  • This quiz has been taken 36,627 times
  • The average score is 6 of 6

Answers on the Map

Answers color-coded by a green-red scale on the quiz's map according to % correct below.
Loading ...
 

Answer Stats

Countries% Correct
India
100%
Bangladesh
98%
Myanmar
95%
Thailand
94%
Sri Lanka
93%
Indonesia
75%

Score Distribution

Percentile by Number Answered

Percent of People with Each Score

Your Score History

You have not taken this quiz